Best Friends in TV Quiz Stats

 Plays Quiz Updated Mar 15, 2015

Challenge
Share
Tweet
Score 0/24 Timer 06:00
1 Play Today
% Correct
Beavis
97.6%
Bert
96.5%
Joey Tribbiani
96.4%
Fred Flintstone
96.3%
SpongeBob SquarePants
92.8%
Will Smith
87.6%
Bart Simpson
87.4%
Jerry Seinfeld
87.4%
Howard Wolowitz
82.2%
Peter Griffin
82.1%
Carrie Bradshaw
81.2%
Fox Mulder
79.8%
% Correct
Ted Mosby
78.9%
John 'J.D.' Dorian
72.2%
Meredith Grey
69.1%
Will Truman
65.7%
Gregory House
55.6%
Willow Rosenberg
47%
Jess Day
45%
Marissa Cooper
42%
Troy Barnes
37%
Clark Kent
35.9%
Shawn Spencer
33.2%
Bret McKenzie
27.9%

You're not logged in!

Compare scores with friends on all Sporcle quizzes.
OR
Log In

You Might Also Like...

Show Comments

Extras

Top Quizzes Today


Score Distribution

Your Account Isn't Verified!

In order to create a playlist on Sporcle, you need to verify the email address you used during registration. Go to your Sporcle Settings to finish the process.

Report this User

Report this user for behavior that violates our Community Guidelines.

Details: